00911 2200313 4500001002100000005001500021035002000036007000300056008004100059020002200100040002200122082001400144084001600158090002200174100003100196245006000227250003900287300004600326500001100372650002300383850001200406504002500418264003600443336002100479337003000500338002300530999002200553990002200575INLIS00000000086094320210610011541 a0010-0621000478ta210610s2021 yoia g 1 ind d a978-623-228-954-3 aYOPDYOGbinderda04223a632.8 a632.8 HAS v aCB-D.11 2021-04630 aHasriadi Mat Akinepenulis10aVirologi tumbuhan edisi 2 /cpenulis, Hasriadi Mat Akin aEdisi kedua, Cetakan pertama: 2021 axx, 228 halaman :btabel, gambar ;c24 cm aindeks 4aVirologi pertanian aYOPDYOG aTerdapat bibliografi31aYogyakarta :bGraha Ilmu,c2021 2rdacontentateks 2rdamediaatanpa perantara 2rdacarrieravolume aCB-D.11/2021-0463 aCB-D.11/2021-0463